Ironie aneb sebekritická neprůhlednost postmoderní architektury /

Guardado en:
Detalles Bibliográficos
Autor principal: Petit, Emmanuel (Autor)
Formato: Libro
Lenguaje:checo
Publicado: Řevnice : Arbor vitae, 2018
Edición:1. vydanie
Materias:
Etiquetas: Agregar Etiqueta
Sin Etiquetas, Sea el primero en etiquetar este registro!

MARC

LEADER 00000nam a22000003a 4500
001 0089180
003 SK-STU
005 20210629145159.0
007 ta
008 210629s ----xo-----e------000-0-----d
020 |a 978-80-7467-143-2 
040 |a STU  |b slo 
041 0 |a cze 
044 |a xr 
100 1 |a Petit, Emmanuel  |4 aut 
245 1 0 |a Ironie aneb sebekritická neprůhlednost postmoderní architektury /  |c aut. Emmanuel Petit 
250 |a 1. vydanie 
260 |a Řevnice :  |b Arbor vitae,  |c 2018 
300 |a 264 s. 
650 0 7 |a teória architektúry 
650 0 7 |a Venturi, Robert 
650 0 7 |a Tigerman, Stanley 
650 0 7 |a Scott Brown, Denise 
650 0 7 |a Isozaki,Arata 
650 0 7 |a Eisenman, Peter 
650 0 7 |a Koolhaas, Rem 
996 |b 284AU08676  |c A* 11954/U  |l AAKNST  |s P  |a 0  |w 0089180_0001 
996 |b 284AU08677  |c A* 11955/U  |l AAKNAR  |s A  |a 24  |w 0089180_0002 
996 |b 284AU08678  |c A* 11956/U  |l AAKNAR  |s A  |a 24  |w 0089180_0003 
996 |b 284AU08679  |c A* 11957/U  |l AAKNAR  |s A  |a 24  |w 0089180_0004 
996 |b 284AU08680  |c A* 11958/U  |l AAKNAR  |s A  |a 24  |w 0089180_0005